00728nam a22002177a 4500003000900000005001700009008003100026020001500057040002200072082001700094100003200111245014200143250001200285260003100297300003000328490002200358521002600380700004200406700004000448830002200488DO-SdBNP20180221151320.0160718 1990 sp a spa d a8439289285 aBPMSUbspacBPMSU 4axxxxxbxxxxx1 aCapdevila Blanco, Francisco10aMis amigos especiales /cFrancisco Capdevila Blanco ; asesores pedagógicos Juan Carlos Carrascosa Calpena, Agustín Berrueta Jiménez a4a. ed. aMadrid : bGaviota,c1990. a[24] p. :bil. ;c22 cm. 1 aNene, Nena y Guau aA partir de 6 años.12aCarrascosa Calpena, Juan Carlosease.12aBerrueta Jiménez, Agustínease. 0aNene, Nena y Guau